书目信息 |
| 题名: |
自动测量技术
|
|
| 作者: | 丁轲轲 主编 | |
| 分册: | ||
| 出版信息: | 北京 中国电力出版社 2004.12 |
|
| 页数: | 232页 | |
| 开本: | 24cm | |
| 丛书名: | 普通高等教育"十五"规划教材 | |
| 单 册: | ||
| 中图分类: | TP212 | |
| 科图分类: | ||
| 主题词: | 传感器--高等学校--教材 | |
| 电子资源: | ||
| ISBN: | 7-5083-2067-0 | |
| 000 | 00985nam2 2200265 450 | |
| 001 | 0148141314 | |
| 005 | 20050922161244.48 | |
| 010 | @a7-5083-2067-0@dCNY23.00 | |
| 100 | @a20050726d2004 km y0chiy0120 ea | |
| 101 | 0 | @achi |
| 102 | @aCN@b110000 | |
| 105 | @aa a 000yy | |
| 200 | 1 | @a自动测量技术@Azi dong ce liang ji shu@d= Automatic Measurement Technology@f丁轲轲主编@Fding ke ke zhu bian@zeng |
| 210 | @a北京@c中国电力出版社@d2004.12 | |
| 215 | @a232页@c图@d24cm | |
| 225 | 2 | @a普通高等教育"十五"规划教材 |
| 320 | @a有书目 (第232页)。 | |
| 330 | @a本书结合近年来自动测量技术的发展,力求以介绍传感技术为主,舍弃了原先教材中介绍测量电路的大部分教学内容,对必要的测量电路(仪表)仅作典型性的、原则性的论述。 | |
| 410 | 0 | @12001 @a普通高等教育"十五"规划教材 |
| 510 | 1 | @aAutomatic Measurement Technology@zeng |
| 606 | 0 | @a传感器@x高等学校@j教材 |
| 690 | @aTP212@v4 | |
| 701 | 0 | @a丁轲轲@Ading ke ke@4主编 |
| 801 | 0 | @aCN@bQSSK@c20050922 |
| 905 | @a10447@dTP212@eD543 | |
| 自动测量技术= Automatic Measurement Technology/丁轲轲主编.-北京:中国电力出版社,2004.12 |
| 232页:图;24cm.-(普通高等教育"十五"规划教材) |
| ISBN 7-5083-2067-0:CNY23.00 |
| 本书结合近年来自动测量技术的发展,力求以介绍传感技术为主,舍弃了原先教材中介绍测量电路的大部分教学内容,对必要的测量电路(仪表)仅作典型性的、原则性的论述。 |
| ● |
| 相关链接 |
|
|
|
正题名:自动测量技术
索取号:TP212/D543
 
预约/预借
| 序号 | 登录号 | 条形码 | 馆藏地/架位号 | 状态 | 备注 |
| 1 | 525956 | 205259566 | 自科二线404/404自科库 17排6列5层/ [索取号:TP212/D543] | 在馆 | |
| 2 | 525957 | 205259575 | 自科库301/301自科库 69排2列4层/ [索取号:TP212/D543] | 在馆 | |
| 3 | 525958 | 205259584 | 自科库301/301自科库 69排2列4层/ [索取号:TP212/D543] | 在馆 |